00327nam a2200109Ia 4500008004100000082000800041100001700049245003500066942000600101952009500107999001500202240331s9999 xx 000 0 und d bRAM aRamalingam,V 0aYalpanach samugathil pen kalvi cL 001040708LaWERCLbWERCLcSSCd2024-03-31l0o 370 RAMp6250r2024-03-31w2024-03-31yL c4610d4610